Kabale University Library Catalogue

Normal view MARC view
  • Law, Ian,

Entry Personal Name

Number of records used in: 58

001 - CONTROL NUMBER

  • control field: 11960

003 - CONTROL NUMBER IDENTIFIER

  • control field: OSt

005 - DATE AND TIME OF LATEST TRANSACTION

  • control field: 20230110112900.0

008 - FIXED-LENGTH DATA ELEMENTS

  • fixed length control field: 230110|| aca||aabn | a|a d

040 ## - CATALOGING SOURCE

  • Original cataloging agency: OSt
  • Transcribing agency: OSt

100 ## - HEADING--PERSONAL NAME

  • Personal name: Law, Ian,

670 ## - SOURCE DATA FOUND

  • Source citation: Work cat.: (OSt): The all England Law Reorts 2010, Vol. 1-4 /, c213.

Kabale University Library | Kabale University P.O Box 317, Kabale, Uganda
Tel : +256754017033, +256774661503 E-mail : library@kab.ac.ug